| 000 | 00495nam a2200145 a 4500 | ||
|---|---|---|---|
| 001 | 000038049 | ||
| 005 | 20201002031149.0 | ||
| 008 | 130312s1998 dr a 000 0 spa d | ||
| 020 | _a9993482188 | ||
| 040 |
_aDO-SdBNP _bspa _cBNPHU |
||
| 082 |
_axxxx _bxxxx |
||
| 245 | 0 | 0 | _aLecciones de Georges en la foresta dominicana. |
| 260 |
_aSanto Domingo, : _bDirección General Forestal _bFondo Pro Naturaleza _bCentro para el Desarrollo Agropecuario y Forestal, _c1998. |
||
| 300 |
_a110 p : _bil. ; _c28 cm. |
||
| 999 |
_c37539 _d37539 |
||